000 00227nam a22001097a 4500
999 _c261027
_d261026
020 _a139780545073899
100 _aDonna King
245 _aKickoff
260 _aUnited States
_bScholastic
_c2007
300 _a158
942 _cBK